Normal view MARC view
  • Natural resources

Entry Topical Term

Number of records used in: 1

001 - CONTROL NUMBER

  • control field: 4750

003 - CONTROL NUMBER IDENTIFIER

  • control field: OSt

005 - DATE AND TIME OF LATEST TRANSACTION

  • control field: 20170515163250.0

008 - FIXED-LENGTH DATA ELEMENTS

  • fixed length control field: 170515|| aca||aabn | a|a d

040 ## - CATALOGING SOURCE

  • Original cataloging agency: OSt
  • Transcribing agency: OSt

150 ## - HEADING--TOPICAL TERM

  • Topical term or geographic name entry element: Natural resources
  • General subdivision: Social aspects
  • Geographic subdivision: Attapeu
  • Geographic subdivision: Laos

670 ## - SOURCE DATA FOUND

  • Source citation: Work cat.: (OSt): Singh, Sarinda, 4744, Trade in natural resources in Attapeu Province :
Pusat Sumber Maklumat Dato' Haji Sarmin Md Hussin, Akademi Kastam Diraja Malaysia, Melaka
Tel: 06-2331106 | Faks: 06-2313787